00717nam a2200205 a 450000100100000000500170001000800410002702000150006804000250008308200150010810000280012324500510015126000410020230000210024349000390026450400310030383000460033495201140038099900170049400004230420201002040051.0131122s1973 sp 000 0 spa d a8401809290 aDO-SdBNPbspacBNPHU axxxbM973a1 aMurciano, Carlos96936010aAntología :b(1950-1972) /cCarlos Murciano. aBarcelona :bPlaza & Janés,c1973. a338 p. ;c19 cm.1 aSelecciones de poesía española aBibliografía: p. 319-321 0aSelecciones de poesía española969282 0010507-18MOaGRbGRcOId2013-11-22iLF1l0oxxx M973ap42304-10r2020-06-25w2020-06-25y1ZNo se presta c41793d41793